History of economic thought : a critical perspective /

Bibliographic Details
Main Author: Hunt, E. K.
Other Authors: Lautzenheiser, Mark, 1968-
Format: Book
Language:English
Published: Armonk, New York : M.E. Sharpe, c2011 [2017]
Edition:Third edition
Subjects:
Classic Catalogue: View this record in Classic Catalogue
LEADER 03203nam a2200421 a 4500
001 24814
003 BD-DhAAL
008 120325r20172011nyua b 001 0 eng d
999 |c 12040  |d 12040 
010 |a  2010054316 
020 |a 9780765625984 (hardcover : alk. paper) 
020 |a 9780765625991 (pbk. : alk. paper) 
020 |a 9781138300064 
040 |a DLC  |c DLC  |d DLC  |d BD-DhAAL 
082 0 0 |a 330.09  |2 22 
100 1 |a Hunt, E. K.  |9 21647 
245 1 0 |a History of economic thought :  |b a critical perspective /  |c E.K. Hunt and Mark Lautzenheiser ; [foreword by Robin Hahnel]. 
250 |a Third edition 
260 |a Armonk, New York :  |b M.E. Sharpe,  |c c2011 [2017] 
300 |a xxiv, 579 pages :  |b illustration ;  |c 27 cm. 
504 |a Includes bibliographical references (pages 545-548) and index. 
526 |a ESS 
541 |e 24814,24815, 24816,24817,24814,31837,31838,31838, 37082, 37083 
650 0 |a Economics  |x History.  |9 21648 
650 0 |a Economics.  |9 43464 
700 1 |a Lautzenheiser, Mark,  |d 1968-  |9 21649 
852 1 |a Ayesha Abed Library  |c General Stacks 
942 0 0 |2 ddc  |c BK 
952 |0 0  |1 0  |2 ddc  |4 0  |6 330_090000000000000_HUN  |7 0  |9 19821  |a BRACUL  |b BRACUL  |c GEN  |d 2012-03-24  |e karim International  |g 5100.00  |l 23  |m 189  |o 330.09 HUN  |p 3010024814  |r 2026-05-16  |s 2026-02-05  |t 1  |w 2012-03-27  |y BK 
952 |0 0  |1 0  |2 ddc  |4 0  |6 330_090000000000000_HUN  |7 0  |9 19822  |a BRACUL  |b BRACUL  |c GEN  |d 2012-03-24  |e karim International  |g 5100.00  |l 17  |m 115  |o 330.09 HUN  |p 3010024815  |r 2026-05-16  |s 2026-02-05  |t 2  |w 2012-03-27  |y BK 
952 |0 0  |1 0  |2 ddc  |4 0  |6 330_090000000000000_HUN  |7 0  |9 19823  |a BRACUL  |b BRACUL  |c REF  |d 2012-03-24  |e karim International  |g 5100.00  |l 10  |m 13  |o 330.09 HUN  |p 3010024816  |r 2025-05-14  |s 2025-05-14  |t 3  |w 2012-03-27  |y 1HOUR 
952 |0 0  |1 0  |2 ddc  |4 0  |6 330_090000000000000_HUN  |7 0  |9 19824  |a BRACUL  |b BRACUL  |c GEN  |d 2012-03-24  |e karim International  |g 5100.00  |l 22  |m 156  |o 330.09 HUN  |p 3010024817  |r 2026-01-13  |s 2026-01-07  |t 4  |w 2012-03-27  |y BK 
952 |0 0  |1 0  |2 ddc  |4 0  |6 330_090000000000000_HUN  |7 0  |9 19825  |a BRACUL  |b BRACUL  |c GEN  |d 2012-03-24  |e karim International  |g 5100.00  |l 21  |m 154  |o 330.09 HUN  |p 3010024818  |q 2026-06-02  |r 2025-10-23  |s 2025-10-23  |t 5  |w 2012-03-27  |y BK 
952 |0 0  |1 0  |2 ddc  |4 0  |6 330_090000000000000_HUN  |7 0  |9 60718  |a BRACUL  |b BRACUL  |c GEN  |d 2017-05-22  |e Karim International  |g 2880.00  |l 12  |m 136  |o 330.09 HUN  |p 3010031838  |r 2026-01-31  |s 2025-10-12  |t 7  |v 2880.00  |w 2017-05-22  |y BK 
952 |0 0  |1 0  |2 ddc  |4 0  |6 330_090000000000000_HUN  |7 0  |9 60719  |a BRACUL  |b BRACUL  |c GEN  |d 2017-05-22  |e Karim International  |g 2880.00  |l 16  |m 132  |o 330.09 HUN  |p 3010031837  |q 2026-06-02  |r 2026-03-01  |s 2026-03-01  |t 6  |v 2880.00  |w 2017-05-22  |y BK 
952 |0 0  |1 0  |2 ddc  |4 0  |6 330_090000000000000_HUN  |7 0  |9 60720  |a BRACUL  |b BRACUL  |c GEN  |d 2017-05-22  |e Karim International  |g 2880.00  |l 13  |m 163  |o 330.09 HUN  |p 3010031839  |q 2026-05-19  |r 2026-02-01  |s 2026-02-01  |t 8  |v 2880.00  |w 2017-05-22  |y BK 
952 |0 0  |1 0  |2 ddc  |4 0  |6 330_090000000000000_HUN  |7 0  |9 67876  |a BRACUL  |b BRACUL  |c GEN  |d 2020-02-09  |e Hye Trade International  |g 1277.00  |l 12  |m 125  |o 330.09 HUN  |p 3010037082  |r 2026-02-19  |s 2025-10-12  |t 9  |v 1277.00  |w 2020-02-09  |y BK 
952 |0 0  |1 0  |2 ddc  |4 0  |6 330_090000000000000_HUN  |7 0  |9 67877  |a BRACUL  |b BRACUL  |c GEN  |d 2020-02-09  |e Hye Trade International  |g 1277.00  |l 10  |m 87  |o 330.09 HUN  |p 3010037083  |r 2026-05-16  |s 2026-03-29  |t 10  |v 1277.00  |w 2020-02-09  |y BK